Expressions "comme" quelque chose #1 - Statistiques

Statistiques générales
  • Ce quiz a été pris 26 640 fois
  • Le résultat moyen est 13 sur 24
Statistiques - réponses
Expression % Correct
{Sage} comme une image
91%
{Rouge} comme une tomate
90%
{Têtu} comme une mule
90%
{Rapide} comme l'éclair
89%
{Dur} comme fer
85%
{Simple} comme bonjour
79%
{Muet} comme une carpe
73%
{Riche} comme Crésus
69%
{Dormir} comme un loir
62%
{Libre} comme l'air
62%
{Chanter} comme une casserole
59%
{Fumer} comme un pompier
55%
{Mentir} comme un arracheur de dents
54%
{Pleurer} comme une Madeleine
54%
{Myope} comme une taupe
52%
{Fuir} comme la peste
42%
{Vieux} comme Mathusalem
42%
{Bête} comme chou
35%
{Gai} comme un pinson
23%
{Rire} comme une baleine
21%
{Trembler} comme une feuille
19%
{Crier} comme un putois
13%
{Pauvre} comme Job
10%
{Franc} comme l'or
2%
Aucun quiz correspondant
Distribution des résultats
% des personnes avec chaque résultat
Percentile par nombre de réponses
Votre historique - résultats
Vous n’avez pas pris ce quiz